Antología poética
Збережено в:
| Автор: | |
|---|---|
| Формат: | Книга |
| Мова: | Іспанська |
| Опубліковано: |
Buenos Aires
Espasa-Calpe
1948
|
| Редагування: | 2a. ed |
| Серія: | Colección Austral, 751
|
| Предмети: | |
| Теги: |
Додати тег
Немає тегів, Будьте першим, хто поставить тег для цього запису!
|
MARC
| LEADER | 00000nam a2200000 a 4500 | ||
|---|---|---|---|
| 001 | UCT5069 | ||
| 003 | CL-VaPUC | ||
| 008 | 961129e19480000AG |||||||||||||||||spa|d | ||
| 082 | 0 | 4 | |a Pe861 |b CHO |2 21 |
| 100 | 0 | |a Chocano, José Santos |e author |9 352772 | |
| 245 | 1 | 0 | |a Antología poética |
| 250 | |a 2a. ed | ||
| 300 | |a 230 p | ||
| 942 | |c BK | ||
| 945 | |d 19961129 00:00:00 |a rleighto | ||
| 260 | |a Buenos Aires |b Espasa-Calpe |c 1948 | ||
| 650 | 0 | |a Poesías peruanas |9 267668 | |
| 583 | |a last modification |c 19961129 00:00:00 |k Rodrigo Vera | ||
| 490 | 0 | |a Colección Austral, 751 | |
| 999 | |c 254090 |d 254088 | ||
| 952 | |0 0 |1 0 |4 0 |6 PE_861_000000000000000_CHO_1948 |7 0 |8 A |9 275475 |a BIBEDU |b BIBEDU |d 2019-11-19 |i 3254313 |o Pe861 CHO 1948 |p 3254313 |r 2019-11-19 |w 2019-11-19 |y BK |k LIT | ||